| 000 | 00374nam a22001217a 4500 | ||
|---|---|---|---|
| 082 | _a220 PRO | ||
| 100 |
_aFEROZE,SALIK,ZOHAIB _972220 |
||
| 245 | _aPR-SOF-1147-HYDRAULIC DESIGN AND PROTOTYPE FABRICATION OF MIXED FLOW PUMP FOR MARINE WATER JET | ||
| 260 |
_aISLAMABAD _bNUST COLLEGE OF EME _c2012 |
||
| 650 |
_a DE-MECH-30 _972221 |
||
| 700 | _aAKHTAR KHURSHID | ||
| 942 | _cCR | ||
| 999 |
_c578352 _d578352 |
||